[Event "SVK-chT3B2 2223"]
[Site "Slovakia"]
[Date "2022.11.06"]
[Round "2.8"]
[White "Gasaj, Tibor"]
[Black "Idranyi, Ladislav"]
[Result "1-0"]
[WhiteElo "1000"]
[BlackElo "1000"]
[PlyCount "121"]
[EventDate "2022.10.23"]
[EventType "team-tourn"]
[EventRounds "11"]
[EventCountry "SVK"]
[SourceTitle "EXT 2024"]
[Source "ChessBase"]
[SourceDate "2023.10.10"]
[SourceVersion "1"]
[SourceVersionDate "2023.10.10"]
[SourceQuality "1"]
[WhiteTeam "Dubnica nad Vahom V"]
[BlackTeam "Prievidza II"]
[WhiteTeamCountry "SVK"]
[BlackTeamCountry "SVK"]

1. d3 e6 2. e4 Qf6 3. Qf3 Nc6 4. Qxf6 Nxf6 5. Nf3 h6 6. c3 g5 7. h3 a6 8. b3 b5 9. Ba3 Bxa3 10. Nxa3 Rb8 11. Nc2 d6 12. Ncd4 Nxd4 13. Nxd4 Bb7 14. f3 c5 15. Nc2 a5 16. d4 Bc6 17. dxc5 dxc5 18. Rd1 b4 19. cxb4 axb4 20. Bc4 0-0 21. h4 g4 22. e5 Nd7 23. fxg4 Nxe5 24. Ne3 Rbd8 25. Kf2 Rd4 26. g5 h5 27. Rhe1 Kg7 28. Rxd4 cxd4 29. Nd1 Ng4+ 30. Kg3 e5 31. Bd3 Re8 32. Nf2 Ne3 33. Be4 Bb5 34. Kf3 Nf1 35. Bd3 Bxd3 36. Nxd3 Nh2+ 37. Kf2 Ng4+ 38. Kf3 Ne3 39. Nxb4 e4+ 40. Kf2 Ng4+ 41. Kg3 e3 42. Nd3 Nf2 43. Nxf2 Ra8 44. a4 Rb8 45. Rb1 e2 46. Kf4 Rxb3 47. Re1 d3 48. Nxd3 Rxd3 49. Rxe2 Rd4+ 50. Re4 Rd2 51. g4 Rf2+ 52. Kg3 Rf1 53. gxh5 f6 54. h6+ Kg6 55. Rf4 Rh1 56. Rxf6+ Kh7 57. a5 Ra1 58. a6 Rh1 59. a7 Ra1 60. Rf7+ Kg6 61. Rg7+ 1-0